| 000 | 00989nam0a2200277 4500 | ||
|---|---|---|---|
| 001 | RU\NLR\bibl\843191 | ||
| 005 | 20250614145414.0 | ||
| 010 |
_a5-7024-1911-1 _940000 |
||
| 021 |
_aRU _b2005-20694 _91055 |
||
| 035 | _a(NLR Aleph) 000832008 | ||
| 090 |
_a1366700 _c1366700 |
||
| 100 | _a20050920d2005 |||y0rusy50 ca | ||
| 101 | 1 |
_arus _ceng |
|
| 102 | _aRU | ||
| 105 | _ay ||||||||| | ||
| 200 | 1 |
_aПобег от прошлого _eроман _fЛеона Шелл _g[пер. с англ. Ю.В. Ломакиной] |
|
| 210 |
_aМосква _cПанорама _d2005 |
||
| 215 |
_a189, [1] c. _d17 |
||
| 225 | 1 |
_aПанорама романов о любви _eпериодический литературно-художественный альманах _v(05-065) |
|
| 686 | _aШ6(4Вл)67-440.4{Лх1299-50} | ||
| 700 | 1 |
_aШелл _bЛ. _gЛеона _4070 |
|
| 801 | 0 |
_aRU _bNLR _c20050920 _grcr |
|
| 801 | 1 |
_aRU _bNLR _c20050920 |
|
| 942 | _cBOOK | ||
| 980 | _aNB | ||